All eredivisie teams 2023 - Statistics

General Stats
  • This quiz has been taken 16 times
  • The average score is 14 of 18
Answer Stats
Answer % Correct
Ajax
100%
Feyenoord
100%
Psv
100%
NEC
92%
Sparta Rotterdam
92%
Vitesse
92%
Az
85%
Almere city
77%
fc Twente
77%
FC Utrecht
77%
RKC
77%
Excelsior
69%
FC Volendam
69%
Heracles
69%
Go ahead Eagles
62%
PEC
62%
Fortuna sittard
54%
Heereveen
31%
No matching quizzes found
Score Distribution
Percent of People with Each Score
Percentile by Number Answered
Your Score History
You have not taken this quiz